Autorregulación del Mercado de Valores: produndización del mercado o relativización del control estatal = Self-regulation of the stock market: market understanding of relative government control. Autorregulação do mercado de valores: aprofundamento do mercado ou relativização do controle estadual /
El documento examina el papel de la autorregulación en el mercado de valores y su relación con el control gubernamental. El autor analiza cómo la autorregulación puede tener implicaciones tanto en la profundización del mercado como en la relativización del control estatal sobre él. A través de un en...
Gespeichert in:
| 1. Verfasser: | |
|---|---|
| Format: | Text |
| Sprache: | Spanish |
| Schlagworte: | |
| Tags: |
Tag hinzufügen
Keine Tags, Fügen Sie den ersten Tag hinzu!
|
MARC
| LEADER | 00000 a a2200000 04500 | ||
|---|---|---|---|
| 001 | 48446 | ||
| 003 | cru IIS | ||
| 005 | 20230829130210.0 | ||
| 008 | 230829b |||||||| |||| 00| 0 spa d | ||
| 040 | |c A | ||
| 100 | |a Ochoa Maldonado, Omar Alfonso | ||
| 245 | |a Autorregulación del Mercado de Valores: produndización del mercado o relativización del control estatal = |b Self-regulation of the stock market: market understanding of relative government control. Autorregulação do mercado de valores: aprofundamento do mercado ou relativização do controle estadual / |c Omar Alfonso Ochoa Maldonado | ||
| 520 | |a El documento examina el papel de la autorregulación en el mercado de valores y su relación con el control gubernamental. El autor analiza cómo la autorregulación puede tener implicaciones tanto en la profundización del mercado como en la relativización del control estatal sobre él. A través de un enfoque crítico, se explora cómo la autorregulación puede influir en la confianza de los inversores, la transparencia del mercado y la eficiencia en la asignación de recursos. Se destaca la importancia de encontrar un equilibrio adecuado entre la autorregulación y la supervisión estatal para garantizar la estabilidad y la integridad del mercado de valores. Además, el artículo contextualiza esta discusión en el marco de la globalización financiera y sus implicaciones para la regulación y supervisión de los mercados de valores en diferentes países.RAR | ||
| 650 | 0 | |2 OCDE |9 4736 |a EFICIENCIA | |
| 773 | |a número2, páginas 213-223 | ||
| 773 | 0 | |0 13575 |9 9646 |d Colombia : Universidad Colegio Mayor de Cundinamarca |o 11494 |t Misión Jurídica: |w (cru CIDCAS/ IIS)48441 |x 1794-600X | |
| 942 | |2 ddc |c REF | ||
| 999 | |c 27783 |d 27783 | ||
